[Event "POL-chT 2nd League"]
[Site "Jastrzebia Gora"]
[Date "2023.09.06"]
[Round "5.18"]
[White "Zdziarska, Lidia"]
[Black "Kawa, Anna"]
[Result "1-0"]
[WhiteElo "1806"]
[BlackElo "1665"]
[PlyCount "51"]
[EventDate "2023.09.02"]
[EventType "team-swiss"]
[EventRounds "9"]
[EventCountry "POL"]
[SourceTitle "EXT 2024"]
[Source "ChessBase"]
[SourceDate "2023.10.10"]
[SourceVersion "1"]
[SourceVersionDate "2023.10.10"]
[SourceQuality "1"]
[WhiteTeam "Wisznia Mala Bialy Krol"]
[BlackTeam "Olsztyn Trzydziestka"]
[WhiteTeamCountry "POL"]
[BlackTeamCountry "POL"]

1. b3 d5 2. e3 Nf6 3. Bb2 Bf5 4. f4 e6 5. Nf3 Nbd7 6. Be2 h6 7. 0-0 Bd6 8. c4 c6 9. Nc3 0-0 10. Rc1 Rc8 11. cxd5 exd5 12. Nd4 Bh7 13. Rf3 Ne4 14. Nxe4 Bxe4 15. Rg3 Nf6 16. Qf1 a6 17. Bd3 Re8 18. Bxe4 Nxe4 19. Rxg7+ Kxg7 20. Ne6+ Kh7 21. Nxd8 Rcxd8 22. Qd1 Rg8 23. Qh5 Rg6 24. f5 Rf6 25. Bxf6 Nxf6 26. Qxf7+ 1-0

[Event "POL-chT 2nd League"]
[Site "Jastrzebia Gora"]
[Date "2022.09.08"]
[Round "6.29"]
[White "Smietanska, Wiktoria"]
[Black "Zdziarska, Lidia"]
[Result "1-0"]
[WhiteElo "1851"]
[BlackElo "1854"]
[PlyCount "64"]
[EventDate "2022.09.03"]
[EventType "team-swiss"]
[EventRounds "9"]
[EventCountry "POL"]
[SourceTitle "CBM 210 Extra"]
[Source "ChessBase"]
[SourceDate "2022.11.30"]
[SourceVersion "1"]
[SourceVersionDate "2022.11.30"]
[SourceQuality "1"]
[WhiteTeam "Wroclaw Polonia"]
[BlackTeam "Wisznia Mala Bialy Krol"]
[WhiteTeamCountry "POL"]
[BlackTeamCountry "POL"]

1. e4 c5 2. Nf3 g6 3. d4 cxd4 4. Nxd4 Bg7 5. c4 Nc6 6. Be3 d6 7. Nc3 Nf6 8. Be2 0-0 9. 0-0 Be6 10. f4 Nxd4 11. Bxd4 Qc8 12. Qd3 Bg4 13. Bxg4 Nxg4 14. Bxg7 Kxg7 15. b4 Qc6 16. h3 Nf6 17. Nd5 Nxd5 18. exd5 Qb6+ 19. Kh1 Rac8 20. a3 Rc7 21. f5 f6 22. fxg6 hxg6 23. Rae1 Rh8 24. Re6 Rh4 25. c5 Qa6 26. b5 Qa5 27. cxd6 Rc3 28. Rxe7+ Kh8 29. Qxg6 Rcxh3+ 30. gxh3 Rxh3+ 31. Kg2 Qd2+ 32. Kxh3 Qd3+ 1-0

[Event "POL-chT 2nd League"]
[Site "Sypniewo"]
[Date "2021.09.04"]
[Round "1.7"]
[White "Zdziarska, Lidia"]
[Black "Rudnik, Anna"]
[Result "1-0"]
[WhiteElo "1848"]
[BlackElo "1869"]
[PlyCount "107"]
[EventDate "2021.09.04"]
[EventType "team-swiss"]
[EventRounds "9"]
[EventCountry "POL"]
[SourceTitle "CBM 204 Extra"]
[Source "ChessBase"]
[SourceDate "2021.11.30"]
[SourceVersion "1"]
[SourceVersionDate "2021.11.30"]
[SourceQuality "1"]
[WhiteTeam "Wisznia Mala Bialy Krol II"]
[BlackTeam "Warszawa Zugzwang"]
[WhiteTeamCountry "POL"]
[BlackTeamCountry "POL"]

1. e4 e5 2. Nf3 Nc6 3. d4 exd4 4. Nxd4 Bc5 5. Be3 Qf6 6. c3 Nge7 7. g3 d5 8. Bg2 dxe4 9. Nb5 Bxe3 10. Nxc7+ Kf8 11. fxe3 Rb8 12. Nd5 Qg5 13. Nf4 Qc5 14. 0-0 Qxe3+ 15. Kh1 g5 16. Nd5 Qd3 17. Nxe7 Kxe7 18. Qh5 Be6 19. Qxg5+ Kd7 20. Na3 Rbg8 21. Qf6 Kc8 22. Rfe1 Qd2 23. c4 h5 24. Rad1 Qa5 25. Rxe4 Bg4 26. Rde1 Qd2 27. Nb5 Be6 28. R4e2 Qd7 29. b3 h4 30. gxh4 Rh5 31. Qf2 a6 32. Na7+ Kb8 33. Nxc6+ bxc6 34. Qb6+ Qb7 35. Qxc6 Qxc6 36. Bxc6 Rxh4 37. Re4 Rh6 38. Bd5 Rgh8 39. R4e2 Bxd5+ 40. cxd5 Kc7 41. Rd2 Kd6 42. Rc1 f5 43. Rc6+ Ke5 44. Rxh6 Rxh6 45. d6 Rh8 46. d7 Rd8 47. Kg2 Ke4 48. Kf2 f4 49. a4 a5 50. h4 f3 51. h5 Kf5 52. Kxf3 Kg5 53. Rd5+ Kh6 54. Ke4 1-0

[Event "POL-chT blitz (Women)"]
[Site "Szczawno Zdroj"]
[Date "2018.12.15"]
[Round "1.4"]
[White "Rykala, Monika"]
[Black "Zdziarska, Lidia"]
[Result "1/2-1/2"]
[WhiteElo "1756"]
[BlackElo "1745"]
[PlyCount "88"]
[EventDate "2018.12.15"]
[EventType "team-swiss"]
[EventRounds "11"]
[EventCountry "POL"]
[SourceTitle "CBM 187 Extra"]
[Source "ChessBase"]
[SourceDate "2018.11.04"]
[SourceVersion "1"]
[SourceVersionDate "2018.11.04"]
[SourceQuality "1"]

1. d4 Nf6 2. e3 c5 3. b3 cxd4 4. exd4 g6 5. Bd3 Bg7 6. Bb2 0-0 7. Nf3 Nc6 8. a3 d5 9. 0-0 Bg4 10. Nbd2 Rc8 11. h3 Bd7 12. Re1 Nh5 13. Ne5 Nxe5 14. dxe5 Nf4 15. Bf1 Bf5 16. Rc1 Qb6 17. Nf3 Bh6 18. Nd4 Bd7 19. Rb1 Ne6 20. Nxe6 Bxe6 21. Bd3 Rfd8 22. Qf3 Bg7 23. Qf4 Qa5 24. a4 a6 25. Ra1 Qc7 26. Qf3 Qc5 27. Qe3 Qc7 28. Bd4 Qd7 29. Bb6 Re8 30. Rad1 Bf5 31. c4 Bxd3 32. Rxd3 e6 33. Red1 Qc6 34. cxd5 exd5 35. Rxd5 Bxe5 36. Rxe5 Rxe5 37. Qxe5 Qxb6 38. Qg3 Qc6 39. Qd3 Qc7 40. Qd7 Kg7 41. Qxc7 Rxc7 42. Rd3 Re7 43. f3 Rc7 44. Kf2 Rc2+ 1/2-1/2

[Event "POL-chT3 Dolnoslaskie 1415"]
[Site "Poland"]
[Date "2015.02.08"]
[Round "6.5"]
[White "Czyz, Artur"]
[Black "Zdziarska, Lidia"]
[Result "1/2-1/2"]
[WhiteElo "1967"]
[BlackElo "1934"]
[PlyCount "56"]
[EventDate "2014.10.26"]
[EventType "team-tourn"]
[EventRounds "11"]
[EventCountry "POL"]
[SourceTitle "EXT 2018"]
[Source "ChessBase"]
[SourceDate "2017.10.13"]
[SourceVersion "1"]
[SourceVersionDate "2017.10.13"]
[SourceQuality "1"]
[WhiteTeam "Wroclaw KS Polonia"]
[BlackTeam "Wisznia Mala OKSiR"]
[WhiteTeamCountry "POL"]
[BlackTeamCountry "POL"]

1. e4 c5 2. Nf3 e6 3. d4 cxd4 4. Nxd4 Nf6 5. Bd3 e5 6. Nf5 d6 7. Nc3 Bxf5 8. exf5 Nc6 9. 0-0 Be7 10. Bg5 a6 11. Qf3 Qd7 12. Bxf6 Bxf6 13. Nd5 Qd8 14. c3 0-0 15. Rfe1 Bg5 16. f6 g6 17. h4 Bxh4 18. Re4 Bg5 19. g3 Re8 20. Rae1 Re6 21. Bc4 Bxf6 22. Nc7 Qxc7 23. Bxe6 fxe6 24. Qxf6 Qd7 25. Kg2 Rf8 26. Qh4 Qf7 27. f4 d5 28. Rxe5 Nxe5 1/2-1/2

[Event "POL-chT3 Dolnoslaskie 1415"]
[Site "Poland"]
[Date "2014.11.09"]
[Round "2.13"]
[White "Zdziarska, Lidia"]
[Black "Gromczak, Dariusz"]
[Result "0-1"]
[WhiteElo "1934"]
[BlackElo "2005"]
[PlyCount "110"]
[EventDate "2014.10.26"]
[EventType "team-tourn"]
[EventRounds "11"]
[EventCountry "POL"]
[SourceTitle "EXT 2018"]
[Source "ChessBase"]
[SourceDate "2017.10.13"]
[SourceVersion "1"]
[SourceVersionDate "2017.10.13"]
[SourceQuality "1"]
[WhiteTeam "Wisznia Mala OKSiR"]
[BlackTeam "Radkow Giecek"]
[WhiteTeamCountry "POL"]
[BlackTeamCountry "POL"]

1. e4 c5 2. Nf3 e6 3. d4 cxd4 4. Nxd4 Nc6 5. Nc3 Qc7 6. Be3 a6 7. Be2 Nf6 8. 0-0 Bb4 9. f3 d5 10. exd5 exd5 11. Nxc6 bxc6 12. Qd4 Bd6 13. Qh4 Rb8 14. Rab1 Rb4 15. f4 Ne4 16. Bd3 f5 17. Qh5+ Qf7 18. Qe2 a5 19. Ba6 0-0 20. Bxc8 Rxc8 21. Nxe4 fxe4 22. c3 Rb7 23. Qd2 Qe7 24. Rbd1 Bc5 25. b3 Rd7 26. Qf2 Bxe3 27. Qxe3 c5 28. Rfe1 Rb8 29. g3 Qd6 30. Qe2 d4 31. cxd4 cxd4 32. Qh5 g6 33. Qxa5 d3 34. Qc3 Rc7 35. Qd2 Qd4+ 36. Qe3 Qxe3+ 37. Rxe3 Kf7 38. Rd2 h5 39. Kf2 Rc1 40. Re1 Rxe1 41. Kxe1 Ke6 42. Kf2 Kd5 43. Ke3 Rc8 44. a4 Rc1 45. Ra2 Re1+ 46. Kf2 Rb1 47. Ke3 Rf1 48. Rf2 Rxf2 49. Kxf2 Kd4 50. a5 e3+ 51. Ke1 Kc3 52. a6 Kc2 53. a7 d2+ 54. Ke2 d1Q+ 55. Kxe3 Qg1+ 0-1

[Event "Wroclaw Anderssen Memorial op-B 22nd"]
[Site "Wroclaw"]
[Date "2013.06.30"]
[Round "3"]
[White "Zdziarska, Lidia"]
[Black "Ulanowski, Marek"]
[Result "1-0"]
[WhiteElo "1942"]
[BlackElo "1424"]
[PlyCount "45"]
[EventDate "2013.06.30"]
[EventType "swiss"]
[EventRounds "7"]
[EventCountry "POL"]
[SourceTitle "EXT 2014"]
[Source "ChessBase"]
[SourceDate "2013.11.20"]
[SourceVersion "1"]
[SourceVersionDate "2013.11.20"]
[SourceQuality "1"]

1. e4 c5 2. Nf3 d6 3. d4 cxd4 4. Nxd4 Nf6 5. Nc3 e6 6. Bd3 Be7 7. 0-0 0-0 8. Be3 a6 9. f4 Nfd7 10. Qg4 Kh8 11. Qh3 Nc6 12. e5 g6 13. Qh6 dxe5 14. Nxe6 fxe6 15. Bxg6 Nf6 16. fxe5 Nxe5 17. Rxf6 Nxg6 18. Rxg6 Rf7 19. Rd1 Qf8 20. Bd4+ Bf6 21. Qxf8+ Rxf8 22. Rxf6 Rxf6 23. Bxf6+ 1-0

[Event "POL-chT 2nd League"]
[Site "Mrzezyno"]
[Date "2011.09.07"]
[Round "5"]
[White "Zdziarska, Lidia"]
[Black "Krasiewicz, Robert"]
[Result "0-1"]
[WhiteElo "1939"]
[BlackElo "2065"]
[PlyCount "68"]
[EventDate "2011.09.03"]
[EventType "team-swiss"]
[EventRounds "9"]
[EventCountry "POL"]
[SourceTitle "EXT 2015"]
[Source "ChessBase"]
[SourceDate "2014.11.20"]
[SourceVersion "1"]
[SourceVersionDate "2014.11.20"]
[SourceQuality "1"]
[WhiteTeam "Wisznia Mala OKSiR"]
[BlackTeam "Zielonka Zieloni"]
[WhiteTeamCountry "POL"]
[BlackTeamCountry "POL"]

1. e4 d5 2. Nc3 d4 3. Nce2 e5 4. d3 Bd6 5. f4 Nc6 6. f5 g6 7. fxg6 hxg6 8. Nf3 Bg4 9. Ng3 Qd7 10. Be2 Bb4+ 11. Bd2 Bxd2+ 12. Qxd2 0-0-0 13. 0-0-0 Nh6 14. h3 Be6 15. Kb1 f5 16. Ng5 Bg8 17. exf5 gxf5 18. Rdf1 Rf8 19. Bf3 Bd5 20. h4 Bxf3 21. gxf3 f4 22. N3e4 Nf5 23. h5 Rh6 24. Rh3 Qe8 25. Rfh1 Rfh8 26. Qg2 Ne3 27. Qh2 Nb4 28. a3 Nbxc2 29. Rc1 Nxa3+ 30. bxa3 Rb6+ 31. Ka2 Qb5 32. Nc5 Nd5 33. Qc2 Nc3+ 34. Ka1 Qxc5 0-1

[Event "POL-chT 2nd League"]
[Site "Mrzezyno"]
[Date "2011.09.05"]
[Round "3.84"]
[White "Zdziarska, Lidia"]
[Black "Sygulska, Anna"]
[Result "1/2-1/2"]
[WhiteElo "1939"]
[BlackElo "1885"]
[PlyCount "139"]
[EventDate "2011.09.03"]
[EventType "team-swiss"]
[EventRounds "9"]
[EventCountry "POL"]
[SourceTitle "EXT 2019"]
[Source "ChessBase"]
[SourceDate "2018.10.10"]
[SourceVersion "1"]
[SourceVersionDate "2018.10.10"]
[SourceQuality "1"]
[WhiteTeam "Wisznia Mala OKSiR"]
[BlackTeam "Przemysl MKS Polonia"]
[WhiteTeamCountry "POL"]
[BlackTeamCountry "POL"]

1. e4 c5 2. Nf3 Nc6 3. d4 cxd4 4. Nxd4 d5 5. exd5 Qxd5 6. Be3 e6 7. Nc3 Bb4 8. Qg4 Bxc3+ 9. bxc3 Qe5 10. Bd3 Nge7 11. 0-0 h5 12. Qh4 f6 13. Rfe1 g5 14. Qh3 Kf7 15. Nb5 a6 16. Bb6 g4 17. Qh4 Qxb5 18. Bxb5 Nf5 19. Bxc6 bxc6 20. Qg3 Nxg3 21. hxg3 Rb8 22. Bc5 e5 23. Red1 Bf5 24. Rd6 Rhc8 25. Rc1 Rb5 26. Be3 Rb2 27. a3 Rxc2 28. Rxc2 Bxc2 29. Bc5 Be4 30. Kf1 Rb8 31. Bb4 Bd5 32. Rd7+ Kg6 33. Ra7 Bc4+ 34. Ke1 Rd8 35. Rc7 Bd5 36. Kf1 Be4 37. Ra7 Rd5 38. Bf8 Rd1+ 39. Ke2 Rd8 40. f3 Bd3+ 41. Ke3 Bf1 42. Bb4 Bb5 43. a4 Bxa4 44. Rxa6 Bb5 45. Ra2 Rd1 46. Kf2 Bc4 47. Rb2 Kf5 48. Ke3 Rh1 49. Rd2 Re1+ 50. Kf2 Rf1+ 51. Ke3 Bd5 52. Rf2 Re1+ 53. Kd2 Ra1 54. Ke3 gxf3 55. gxf3 Rg1 56. g4+ hxg4 57. fxg4+ Kg6 58. Be7 Rg3+ 59. Ke2 Rg2 60. Rxg2 Bxg2 61. Kf2 Bd5 62. Kg3 Kg5 63. Ba3 f5 64. gxf5 Kxf5 65. Kf2 Ke4 66. Ke1 Kd3 67. Bd6 e4 68. Be5 e3 69. Bf6 Bf3 70. Bg7 1/2-1/2

[Event "POL-chT 2nd League"]
[Site "Mrzezyno"]
[Date "2011.09.04"]
[Round "2"]
[White "Halamus, Agata"]
[Black "Zdziarska, Lidia"]
[Result "1/2-1/2"]
[WhiteElo "2089"]
[BlackElo "1939"]
[PlyCount "60"]
[EventDate "2011.09.03"]
[EventType "team-swiss"]
[EventRounds "9"]
[EventCountry "POL"]
[SourceTitle "EXT 2015"]
[Source "ChessBase"]
[SourceDate "2014.11.20"]
[SourceVersion "1"]
[SourceVersionDate "2014.11.20"]
[SourceQuality "1"]
[WhiteTeam "Mikolow AKS"]
[BlackTeam "Wisznia Mala OKSiR"]
[WhiteTeamCountry "POL"]
[BlackTeamCountry "POL"]

1. e4 c5 2. Nf3 e6 3. d4 cxd4 4. Nxd4 Nf6 5. Nc3 Nc6 6. Ndb5 Bb4 7. a3 Bxc3+ 8. Nxc3 d5 9. exd5 Nxd5 10. Nxd5 exd5 11. Bd3 0-0 12. 0-0 Re8 13. Bf4 Qf6 14. Bg3 Qxb2 15. Qh5 h6 16. Qxd5 Qd4 17. Qb5 a6 18. Qh5 Bg4 19. Qh4 Be2 20. Qxd4 Nxd4 21. Rfb1 Bxd3 22. cxd3 Ne2+ 23. Kf1 Nxg3+ 24. hxg3 b5 25. a4 bxa4 26. Rxa4 Rad8 27. Rxa6 Rxd3 28. Re1 Rxe1+ 29. Kxe1 Rb3 30. Ke2 Rc3 1/2-1/2

[Event "Wroclaw Anderssen Memorial op 20th"]
[Site "Wroclaw"]
[Date "2011.07.11"]
[Round "1"]
[White "Koziak, Vitali"]
[Black "Zdziarska, Lidia"]
[Result "1-0"]
[WhiteElo "2484"]
[BlackElo "1939"]
[PlyCount "79"]
[EventDate "2011.07.11"]
[EventType "swiss (rapid)"]
[EventRounds "9"]
[EventCountry "POL"]
[SourceTitle "CBM 143 Extra"]
[Source "ChessBase"]
[SourceDate "2011.08.29"]
[SourceVersion "1"]
[SourceVersionDate "2011.08.29"]
[SourceQuality "1"]

1. d4 Nf6 2. c4 c5 3. d5 b5 4. cxb5 a6 5. b6 d6 6. Nc3 Nbd7 7. e4 g6 8. Nf3 Bg7 9. Be2 Rb8 10. 0-0 0-0 11. h3 Qxb6 12. Nd2 a5 13. Bb5 Ba6 14. Nc4 Qa7 15. a4 Bxb5 16. axb5 Ra8 17. Rxa5 Qb7 18. Qa4 Rxa5 19. Nxa5 Qc7 20. Nc6 Nb6 21. Qc2 e6 22. dxe6 fxe6 23. e5 dxe5 24. Be3 Nfd5 25. Bxc5 Ra8 26. Ne4 Ra4 27. b3 Ra8 28. Qb2 Nd7 29. b4 Nb8 30. Bd6 Qb7 31. Nxb8 Rxb8 32. Bxb8 Qxb8 33. Qe2 Nxb4 34. Rb1 Nd5 35. b6 Bf8 36. b7 Ne7 37. Qc4 Kf7 38. Nd6+ Kf6 39. Ne8+ Kf7 40. Nc7 1-0

[Event "POL-chT 2st League"]
[Site "Mrzezyno"]
[Date "2010.09.07"]
[Round "4.54"]
[White "Zdziarska, Lidia"]
[Black "Swiatnicka, Malgorzata"]
[Result "1-0"]
[WhiteElo "1931"]
[BlackElo "1822"]
[PlyCount "75"]
[EventDate "2010.09.04"]
[EventType "team-swiss"]
[EventRounds "9"]
[EventCountry "POL"]
[SourceTitle "EXT 2019"]
[Source "ChessBase"]
[SourceDate "2018.10.10"]
[SourceVersion "1"]
[SourceVersionDate "2018.10.10"]
[SourceQuality "1"]
[WhiteTeam "Wisznia Mala OKSiR"]
[BlackTeam "Konin Hetman"]
[WhiteTeamCountry "POL"]
[BlackTeamCountry "POL"]

1. e4 e5 2. Nf3 Nc6 3. Bc4 Nf6 4. d3 Bc5 5. c3 d6 6. b4 Bb6 7. a4 a6 8. 0-0 h6 9. h3 0-0 10. Nbd2 Be6 11. Re1 Qe8 12. Nh4 Ne7 13. Qf3 Rd8 14. Nf1 Bxc4 15. dxc4 Qc6 16. Bxh6 Ng6 17. Bg5 Nh7 18. Bxd8 Rxd8 19. Nxg6 fxg6 20. Qd3 Qe8 21. Ne3 c6 22. c5 dxc5 23. Qc4+ Kh8 24. bxc5 Ba7 25. Rad1 Nf6 26. Rxd8 Qxd8 27. Rb1 Qe7 28. Qb4 Bxc5 29. Qxb7 Qe6 30. Qxa6 Nxe4 31. Rb8+ Kh7 32. Qc8 Qxc8 33. Rxc8 Nxc3 34. a5 Bb4 35. a6 Nb5 36. Rxc6 Bd2 37. Rb6 Na7 38. Rb7 1-0

[Event "POL-chT 2st League"]
[Site "Mrzezyno"]
[Date "2010.09.04"]
[Round "1.12"]
[White "Krestianova, Tatiana"]
[Black "Zdziarska, Lidia"]
[Result "1/2-1/2"]
[WhiteElo "2180"]
[BlackElo "1931"]
[PlyCount "64"]
[EventDate "2010.09.04"]
[EventType "team-swiss"]
[EventRounds "9"]
[EventCountry "POL"]
[SourceTitle "EXT 2019"]
[Source "ChessBase"]
[SourceDate "2018.10.10"]
[SourceVersion "1"]
[SourceVersionDate "2018.10.10"]
[SourceQuality "1"]
[WhiteTeam "Ostroda Ostrodzianka"]
[BlackTeam "Wisznia Mala OKSiR"]
[WhiteTeamCountry "POL"]
[BlackTeamCountry "POL"]

1. e4 c5 2. c3 d5 3. exd5 Qxd5 4. d4 cxd4 5. cxd4 Nc6 6. Nf3 e5 7. Nc3 Bb4 8. Bd2 Bxc3 9. Bxc3 e4 10. Ne5 Nxe5 11. dxe5 Ne7 12. Be2 Qe6 13. Qa4+ Bd7 14. Qxe4 Bc6 15. Qg4 Qxg4 16. Bxg4 Bxg2 17. Rg1 Bd5 18. 0-0-0 Rd8 19. Rd2 Nc6 20. e6 Rg8 21. exf7+ Kxf7 22. Rgd1 Be6 23. Bxe6+ Kxe6 24. Re2+ Kf7 25. Rg1 g6 26. Re4 Ne7 27. Rge1 Nd5 28. Kc2 b6 29. Kb3 Rd7 30. Rh4 h5 31. Rd1 Rgd8 32. Rhd4 Ke6 1/2-1/2

[Event "POL-chT 1st League"]
[Site "Ustron"]
[Date "2009.09.15"]
[Round "4"]
[White "Zdziarska, Lidia"]
[Black "Zawadzka, Beata"]
[Result "0-1"]
[WhiteElo "1979"]
[BlackElo "2285"]
[PlyCount "120"]
[EventDate "2009.09.12"]
[EventType "team-swiss"]
[EventRounds "9"]
[EventCountry "POL"]
[SourceTitle "CBM 132 Extra"]
[Source "ChessBase"]
[SourceDate "2009.11.03"]
[SourceVersion "1"]
[SourceVersionDate "2009.11.03"]
[SourceQuality "1"]
[WhiteTeam "Warszawa YMCA"]
[BlackTeam "Gorzow Wielkopolski Stilon"]
[WhiteTeamCountry "POL"]
[BlackTeamCountry "POL"]

1. e4 c5 2. Nf3 d6 3. d4 cxd4 4. Nxd4 Nf6 5. Nc3 a6 6. Be2 e5 7. Nb3 Be7 8. Bg5 Nbd7 9. a4 b6 10. Bc4 Bb7 11. Bxf6 Nxf6 12. f3 0-0 13. 0-0 Qc7 14. Qe2 Rfc8 15. Nd2 Rd8 16. Rfd1 d5 17. exd5 Nxd5 18. Nxd5 Bxd5 19. Bxd5 Rxd5 20. Ne4 Rxd1+ 21. Rxd1 Qc6 22. b3 b5 23. axb5 axb5 24. c4 bxc4 25. bxc4 g6 26. Nc3 Qc5+ 27. Kh1 Bf8 28. Ne4 Qc6 29. h3 Ra4 30. Qb2 f5 31. Nd2 Qc5 32. Re1 Bd6 33. Qb5 Qxb5 34. cxb5 Rd4 35. Nb1 Rd3 36. Rc1 Rb3 37. Nc3 Kf7 38. Kg1 Bc5+ 39. Kh2 Be3 40. Rc2 Bd4 41. Ne2 Bb6 42. Rc6 Rxb5 43. Nc3 Rb3 44. Nd5 Bd8 45. Kg3 h5 46. Rd6 f4+ 47. Kf2 Rb2+ 48. Ke1 Rb1+ 49. Ke2 Bh4 50. Ra6 Rb2+ 51. Kd3 Rxg2 52. Ke4 Re2+ 53. Kd3 Re1 54. Rc6 e4+ 55. fxe4 f3 56. Rc7+ Ke6 57. Rc6+ Ke5 58. Ne3 f2 59. Rc5+ Kf6 60. Ra5 Rxe3+ 0-1

[Event "POL-chT 1st League"]
[Site "Ustron"]
[Date "2009.09.13"]
[Round "2"]
[White "Zdziarska, Lidia"]
[Black "Gasik, Anna"]
[Result "0-1"]
[WhiteElo "1979"]
[BlackElo "2178"]
[PlyCount "122"]
[EventDate "2009.09.12"]
[EventType "team-swiss"]
[EventRounds "9"]
[EventCountry "POL"]
[SourceTitle "CBM 132 Extra"]
[Source "ChessBase"]
[SourceDate "2009.11.03"]
[SourceVersion "1"]
[SourceVersionDate "2009.11.03"]
[SourceQuality "1"]
[WhiteTeam "Warszawa YMCA"]
[BlackTeam "Wroclaw AZS Politechnika"]
[WhiteTeamCountry "POL"]
[BlackTeamCountry "POL"]

1. e4 c5 2. Nf3 e6 3. d4 cxd4 4. Nxd4 a6 5. Bd3 Qc7 6. 0-0 Nf6 7. Qe2 d6 8. c4 g6 9. Nc3 Bg7 10. Nf3 Nbd7 11. h3 0-0 12. Bf4 Ne5 13. Rac1 b6 14. Rfd1 Bb7 15. b3 Nh5 16. Bh2 Bh6 17. Rc2 Nf4 18. Bxf4 Bxf4 19. Nxe5 Bxe5 20. Qe3 Qc5 21. Qxc5 dxc5 22. Na4 Bc7 23. Rcd2 Bc6 24. Bc2 Bf4 25. Re2 Bxa4 26. bxa4 Rfd8 27. g3 Rxd1+ 28. Bxd1 Rd8 29. Bb3 Be5 30. Kg2 g5 31. Kf3 Kg7 32. Ke3 Bd4+ 33. Kf3 Bc3 34. Ke3 Kf6 35. f4 gxf4+ 36. gxf4 Rg8 37. Kf3 e5 38. f5 Rg1 39. Rg2 Rh1 40. Kg3 h5 41. Rh2 Be1+ 42. Kg2 Rxh2+ 43. Kxh2 Kg5 44. Bd1 h4 45. Kg2 Kf4 46. f6 Kxe4 47. Bh5 Kd3 48. Bxf7 e4 49. Bd5 Bd2 50. f7 Bh6 51. Kf1 e3 52. Bf3 Kxc4 53. Be2+ Kb4 54. Bxa6 Kxa4 55. Ke2 Ka3 56. Bc4 Kb4 57. Be6 Kc3 58. a4 Kb4 59. Bd7 c4 60. f8Q+ Bxf8 61. Kxe3 c3 0-1

[Event "Rewal op-B 14th"]
[Site "Rewal"]
[Date "2009.08.29"]
[Round "9"]
[White "Zdziarska, Lidia"]
[Black "Rys, Marek"]
[Result "1/2-1/2"]
[WhiteElo "1979"]
[BlackElo "1792"]
[PlyCount "34"]
[EventDate "2009.08.20"]
[EventType "swiss"]
[EventRounds "9"]
[EventCountry "POL"]
[SourceTitle "EXT 2011"]
[Source "ChessBase"]
[SourceDate "2010.11.26"]
[SourceVersion "1"]
[SourceVersionDate "2010.11.26"]
[SourceQuality "1"]

1. e4 e5 2. Nf3 Nc6 3. Bc4 Be7 4. c3 d6 5. d4 exd4 6. Nxd4 Nf6 7. Nd2 0-0 8. 0-0 Nxd4 9. cxd4 Nxe4 10. Bxf7+ Rxf7 11. Nxe4 d5 12. Nc5 b6 13. Nd3 Ba6 14. Ne5 Bxf1 15. Nxf7 Kxf7 16. Kxf1 Qd7 17. b3 Re8 1/2-1/2

[Event "Rewal op-B 14th"]
[Site "Rewal"]
[Date "2009.08.20"]
[Round "1"]
[White "Poswiatowski, Stanislaw"]
[Black "Zdziarska, Lidia"]
[Result "1-0"]
[WhiteElo "1674"]
[BlackElo "1979"]
[PlyCount "115"]
[EventDate "2009.08.20"]
[EventType "swiss"]
[EventRounds "9"]
[EventCountry "POL"]
[SourceTitle "EXT 2011"]
[Source "ChessBase"]
[SourceDate "2010.11.26"]
[SourceVersion "1"]
[SourceVersionDate "2010.11.26"]
[SourceQuality "1"]

1. d4 Nf6 2. Nf3 c5 3. c3 cxd4 4. cxd4 g6 5. Bf4 Bg7 6. e3 0-0 7. Bd3 d6 8. 0-0 Nh5 9. Bg5 Nc6 10. Nc3 Nb4 11. Be2 Bd7 12. Rc1 Nf6 13. Qb3 Qb6 14. a3 Nc6 15. Qxb6 axb6 16. Bxf6 exf6 17. Nd5 Bg4 18. Nxb6 Ra7 19. h3 Bxf3 20. Bxf3 Ra6 21. Nd5 f5 22. g3 Rd8 23. Rfd1 Rd7 24. Rd3 g5 25. b4 Ne7 26. Rc7 Rxc7 27. Nxc7 Rb6 28. Nd5 Nxd5 29. Bxd5 Rb5 30. Bc4 Rb6 31. Bd5 Rb5 32. Bf3 f4 33. Rc3 fxe3 34. fxe3 Rb6 35. Rc7 Ra6 36. Bd5 Rxa3 37. Kf2 h5 38. g4 h4 39. Rxb7 Rc3 40. Rxf7 Rc2+ 41. Ke1 Kh8 42. Rf2 Rc1+ 43. Kd2 Rb1 44. Kc3 Re1 45. Rf3 Rc1+ 46. Kb2 Rd1 47. b5 Bxd4+ 48. exd4 Rxd4 49. Bc6 Rd2+ 50. Kc3 Rd1 51. Rd3 Rb1 52. Kd4 Kg7 53. Kd5 Kf6 54. Kxd6 Re1 55. Rf3+ Kg6 56. b6 Rd1+ 57. Kc7 Re1 58. b7 1-0

[Event "POL-chT 2nd League"]
[Site "Wysowa"]
[Date "2007.09.10"]
[Round "8"]
[White "Zdziarska, Lidia"]
[Black "Krokay, Urszula"]
[Result "0-1"]
[WhiteElo "1991"]
[BlackElo "1985"]
[PlyCount "108"]
[EventDate "2007.09.03"]
[EventType "team-swiss"]
[EventRounds "9"]
[EventCountry "POL"]
[SourceTitle "EXT 2010"]
[Source "ChessBase"]
[SourceDate "2010.11.25"]
[SourceVersion "1"]
[SourceVersionDate "2010.11.25"]
[SourceQuality "1"]
[WhiteTeam "Chroscice LZS Victoria"]
[BlackTeam "Zielonka Zieloni"]
[WhiteTeamCountry "POL"]
[BlackTeamCountry "POL"]

1. e4 d5 2. exd5 Qxd5 3. Nc3 Qd6 4. Nf3 Nf6 5. Bc4 a6 6. Qe2 b5 7. Bb3 Bb7 8. d3 e6 9. Bg5 Be7 10. a4 b4 11. Bxf6 Bxf6 12. Ne4 Qe7 13. Nxf6+ Qxf6 14. 0-0-0 0-0 15. h4 Nc6 16. Rdg1 Na5 17. Nd2 Nxb3+ 18. Nxb3 Bc6 19. Nc5 Rfd8 20. Qe3 Rd5 21. Ne4 Qd4 22. Qg3 Bxa4 23. Qxc7 Rd7 24. Qc5 Bb5 25. Qxd4 Rxd4 26. Nd2 a5 27. Re1 a4 28. Re4 Rad8 29. Rhe1 Bc6 30. Rxd4 Rxd4 31. g3 Kf8 32. Ne4 Ke7 33. f4 Bxe4 34. dxe4 Kd6 35. e5+ Kc5 36. Re3 Rd7 37. Rf3 h5 38. Re3 Kb5 39. Rf3 Rd4 40. Re3 Kc6 41. Rf3 Kc5 42. Re3 Kd5 43. c3 Rc4 44. Kb1 b3 45. Kc1 Re4 46. Rd3+ Kc4 47. Rd7 Re1+ 48. Kd2 Rb1 49. Rc7+ Kb5 50. Rxf7 Rxb2+ 51. Kc1 Rc2+ 52. Kb1 g6 53. Rb7+ Kc4 54. Rc7+ Kd3 0-1